| 000 | 00786nam a2200241 a 4500 | ||
|---|---|---|---|
| 001 | 000005337 | ||
| 003 | DO-SdBNP | ||
| 005 | 20250910100549.0 | ||
| 008 | 090819s1973 dr 000 1 spa d | ||
| 020 | _a840003807X | ||
| 040 |
_aDO-SdBNP _bspa _cBNPHU |
||
| 049 | _aBNPD | ||
| 082 |
_a782.1 _bS941v |
||
| 100 | 1 |
_aSubirá, José _915134 |
|
| 245 | 1 | 0 |
_aVariadas versiones de libretos operísticos / _cJosé Subirá. |
| 260 |
_aMadrid, España : _bConsejo Superior de Investigaciones Científicas, _c1973. |
||
| 300 |
_a200 p. ; : _b23 cm. |
||
| 490 | 1 |
_aAnejos de la revista segismudo _v4 |
|
| 500 | _aIncluye datos biográficos del autor | ||
| 500 | _aIncluye tabla de contenido e índice analítico | ||
| 830 | 0 |
_aAnejos de la revista segismudo _n4 _915136 |
|
| 942 |
_2ddc _cLBS1 |
||
| 999 |
_c5138 _d5138 |
||